|
|
|
|
| LEADER |
00000nam a2200000 a 4500 |
| 001 |
UCH9440 |
| 003 |
CL-VaPUC |
| 008 |
100107e20070200SP |||||||||||||||||spa|d |
| 020 |
|
|
|a 9788434226845
|
| 082 |
0 |
4 |
|a 923.6
|b TOR
|2 21
|
| 100 |
0 |
|
|a Toro, Lara
|e author
|9 546535
|
| 700 |
0 |
|
|a Cabassa, Mariona
|e author
|9 546536
|
| 245 |
1 |
0 |
|a Me llamo...Gandhi
|
| 250 |
|
|
|a 4a. ed
|
| 300 |
|
|
|a 63 p
|
| 942 |
|
|
|c BK
|
| 945 |
|
|
|d 20100107 00:00:00
|a dcastane
|
| 260 |
|
|
|a Barcelona
|b Parramón
|c 2007
|
| 600 |
0 |
7 |
|a GANDHI, MOHANDAS KARAMCHAND
|2 CL-VaPUC
|9 546537
|
| 650 |
|
0 |
|a Biografías
|9 255210
|
| 650 |
|
7 |
|a PACIFISMO
|2 CL-VaPUC
|9 319054
|
| 650 |
|
0 |
|a Paz
|9 259242
|
| 650 |
|
0 |
|a No violencia
|9 348775
|
| 583 |
|
|
|a last modification
|c 20100107 00:00:00
|k Rodrigo Vera
|
| 490 |
0 |
|
|a Me llamo
|
| 999 |
|
|
|c 339408
|d 339406
|